[Event "2. Obert Internacional Illes Medes"]
[Site "L'Estartit ESP"]
[Date "2007.12.31"]
[Round "5.29"]
[White "Guso Llorca, Jordi"]
[Black "Daurelle, Herve"]
[Result "1/2-1/2"]
[WhiteElo "2105"]
[BlackElo "2263"]
[PlyCount "36"]
[EventDate "2007.12.28"]
[EventType "swiss"]
[EventRounds "9"]
[EventCountry "ESP"]
[Source "lmi"]
[SourceDate "2007.12.28"]

1. d4 Nf6 2. Nf3 e6 3. c4 c5 4. g3 cxd4 5. Nxd4 a6 6. Bg2 Qc7 7. Nd2 Nc6 8.
Nxc6 bxc6 9. O-O Be7 10. b3 O-O 11. Bb2 Bb7 12. Rc1 c5 13. e4 d6 14. Qe2 Rfd8
15. Rfd1 Nd7 16. f4 Bf6 17. Bxf6 Nxf6 18. Nb1 Rd7 1/2-1/2

[Event "2. Obert Internacional Illes Medes"]
[Site "L'Estartit ESP"]
[Date "2007.12.31"]
[Round "5.30"]
[White "Bruned, Boris"]
[Black "Schut, Lisa"]
[Result "1-0"]
[WhiteElo "2214"]
[BlackElo "1976"]
[PlyCount "69"]
[EventDate "2007.12.28"]
[EventType "swiss"]
[EventRounds "9"]
[EventCountry "ESP"]
[Source "lmi"]
[SourceDate "2007.12.28"]

1. e4 c5 2. Nf3 d6 3. d4 cxd4 4. Nxd4 Nf6 5. Nc3 g6 6. Be3 Bg7 7. f3 O-O 8. Qd2
Nc6 9. Bc4 Bd7 10. O-O-O Rc8 11. Bb3 Ne5 12. Kb1 Re8 13. h4 h5 14. Bh6 Nc4 15.
Bxc4 Rxc4 16. Bxg7 Kxg7 17. Nd5 e5 18. Nxf6 Qxf6 19. Nb3 Re6 20. Qe3 b6 21. Rd3
Rc7 22. g3 Bb5 23. Rd2 Re8 24. Rhd1 Rd8 25. Nc1 Qe6 26. Ne2 Bxe2 27. Qxe2 Rc5
28. a3 Ra5 29. Qd3 Rc5 30. Qe2 Ra5 31. Rd3 Rc5 32. Qd2 Rdc8 33. Rxd6 Qh3 34.
Qg5 R8c7 35. Qf6+ 1-0

[Event "2. Obert Internacional Illes Medes"]
[Site "L'Estartit ESP"]
[Date "2007.12.31"]
[Round "5.31"]
[White "Amberger, Dieter"]
[Black "Toma, Katarzyna"]
[Result "0-1"]
[WhiteElo "2083"]
[BlackElo "2283"]
[PlyCount "50"]
[EventDate "2007.12.28"]
[EventType "swiss"]
[EventRounds "9"]
[EventCountry "ESP"]
[Source "lmi"]
[SourceDate "2007.12.28"]

1. d4 Nf6 2. c4 g6 3. Nc3 d5 4. cxd5 Nxd5 5. e4 Nxc3 6. bxc3 Bg7 7. Be3 c5 8.
Qd2 Qa5 9. Rb1 a6 10. Rc1 cxd4 11. cxd4 Qxd2+ 12. Kxd2 O-O 13. Nf3 e6 14. Bc4
Nc6 15. Rhd1 Bd7 16. Ke2 Na5 17. Bd3 Rac8 18. Bd2 Nc6 19. Be3 Nb4 20. Bc4 Rxc4
21. Rxc4 Bb5 22. Nd2 Rc8 23. Rdc1 Nxa2 24. Kd1 Bxc4 25. Rxc4 Rxc4 0-1

[Event "2. Obert Internacional Illes Medes"]
[Site "L'Estartit ESP"]
[Date "2007.12.31"]
[Round "5.32"]
[White "Schirmbeck, Stepanka"]
[Black "Muter, Donny"]
[Result "0-1"]
[WhiteElo "2054"]
[BlackElo "2212"]
[PlyCount "26"]
[EventDate "2007.12.28"]
[EventType "swiss"]
[EventRounds "9"]
[EventCountry "ESP"]
[Source "lmi"]
[SourceDate "2007.12.28"]

1. Nf3 d6 2. d4 Bg4 3. e4 Nf6 4. Nc3 c6 5. Be2 e6 6. O-O Be7 7. Bf4 O-O 8. Qd3
d5 9. Nd2 dxe4 10. Ndxe4 Bf5 11. Bf3 Na6 12. Rfd1 Qb6 13. Ne2 Nb4 0-1

[Event "2. Obert Internacional Illes Medes"]
[Site "L'Estartit ESP"]
[Date "2007.12.31"]
[Round "5.37"]
[White "Menac Comas, Joan Ramon"]
[Black "Tallo Dominguez, Imar"]
[Result "0-1"]
[WhiteElo "2130"]
[BlackElo "2011"]
[PlyCount "46"]
[EventDate "2007.12.28"]
[EventType "swiss"]
[EventRounds "9"]
[EventCountry "ESP"]
[Source "lmi"]
[SourceDate "2007.12.28"]

1. d4 Nf6 2. Nc3 d5 3. e4 dxe4 4. f3 e6 5. fxe4 Bb4 6. Bg5 h6 7. Bxf6 Qxf6 8.
Nf3 c5 9. Bb5+ Bd7 10. O-O cxd4 11. Nxd4 Qe5 12. Bxd7+ Nxd7 13. Nb3 Rd8 14. Qf3
O-O 15. Rad1 Nf6 16. Na4 b5 17. Rxd8 Rxd8 18. Nc3 Bxc3 19. bxc3 Qxe4 20. Qg3
Nd5 21. Rd1 Qxc2 22. Rd2 Qb1+ 23. Kf2 Rc8 0-1

[Event "2. Obert Internacional Illes Medes"]
[Site "L'Estartit ESP"]
[Date "2007.12.31"]
[Round "5.45"]
[White "Sara, Valerio"]
[Black "Fox, Pierre"]
[Result "1-0"]
[WhiteElo "2023"]
[BlackElo "1835"]
[PlyCount "53"]
[EventDate "2007.12.28"]
[EventType "swiss"]
[EventRounds "9"]
[EventCountry "ESP"]
[Source "lmi"]
[SourceDate "2007.12.28"]

1. d4 d5 2. c4 dxc4 3. e3 e5 4. dxe5 Qxd1+ 5. Kxd1 Be6 6. f4 Nc6 7. Nf3 O-O-O+
8. Ke1 Nb4 9. Na3 Bc5 10. Ng5 Nd3+ 11. Bxd3 cxd3 12. Nxe6 fxe6 13. Nc4 h5 14.
Bd2 a6 15. Rc1 Ne7 16. b4 Ba7 17. Nd6+ Kb8 18. Nf7 Nf5 19. Kf2 g5 20. g3 h4 21.
Nxh8 Rxh8 22. g4 Nh6 23. Kf3 Rf8 24. h3 gxf4 25. exf4 Nf7 26. Ke4 Rd8 27. Be3
1-0

[Event "2. Obert Internacional Illes Medes"]
[Site "L'Estartit ESP"]
[Date "2007.12.31"]
[Round "5.47"]
[White "Rautanen, Sari"]
[Black "Yastrebova, Tatiana"]
[Result "1/2-1/2"]
[WhiteElo "1961"]
[BlackElo "2037"]
[PlyCount "57"]
[EventDate "2007.12.28"]
[EventType "swiss"]
[EventRounds "9"]
[EventCountry "ESP"]
[Source "lmi"]
[SourceDate "2007.12.28"]

1. Nf3 Nf6 2. c4 e6 3. Nc3 d5 4. d4 c6 5. Bg5 Nbd7 6. e3 Be7 7. Bd3 O-O 8. O-O
dxc4 9. Bxc4 Nd5 10. Bxe7 Qxe7 11. Rc1 Nxc3 12. Rxc3 e5 13. Bb3 exd4 14. exd4
Nf6 15. Re1 Qd8 16. Ne5 Bf5 17. Nxf7 Rxf7 18. Bxf7+ Kxf7 19. Qb3+ Kf8 20. Qxb7
Bd7 21. Qb4+ Kg8 22. Qc4+ Kh8 23. Rce3 Qg8 24. Qc5 Qxa2 25. Re7 Qd5 26. Qb4 a5
27. Qc3 Rg8 28. h3 Qd6 29. Qxa5 1/2-1/2

[Event "2. Obert Internacional Illes Medes"]
[Site "L'Estartit ESP"]
[Date "2008.01.01"]
[Round "6.5"]
[White "Groetz, Harald"]
[Black "Czakon, Jakub"]
[Result "1/2-1/2"]
[WhiteElo "2321"]
[BlackElo "2510"]
[PlyCount "45"]
[EventDate "2007.12.28"]
[EventType "swiss"]
[EventRounds "9"]
[EventCountry "ESP"]
[Source "lmi"]
[SourceDate "2007.12.28"]

1. e4 c5 2. Nf3 d6 3. d4 cxd4 4. Nxd4 Nf6 5. Nc3 a6 6. Bc4 e6 7. O-O b5 8. Bb3
Be7 9. f4 O-O 10. e5 dxe5 11. fxe5 Nfd7 12. Be3 Nxe5 13. Qh5 Nbc6 14. Nxc6 Nxc6
15. Rf3 Qd6 16. Rh3 h6 17. Rg3 Qe5 18. Qxe5 Nxe5 19. Bxh6 Ng6 20. Bg5 Bxg5 21.
Rxg5 Rd8 22. Rf1 Bd7 23. Ne4 1/2-1/2

[Event "2. Obert Internacional Illes Medes"]
[Site "L'Estartit ESP"]
[Date "2008.01.01"]
[Round "6.6"]
[White "Fluvia, Jordi"]
[Black "Gerber, Richard"]
[Result "1-0"]
[WhiteElo "2508"]
[BlackElo "2386"]
[PlyCount "63"]
[EventDate "2007.12.28"]
[EventType "swiss"]
[EventRounds "9"]
[EventCountry "ESP"]
[Source "lmi"]
[SourceDate "2007.12.28"]

1. e4 c5 2. Nf3 d6 3. d4 cxd4 4. Nxd4 Nf6 5. Nc3 g6 6. Be3 Bg7 7. f3 Nc6 8. Qd2
O-O 9. O-O-O d5 10. exd5 Nxd5 11. Nxc6 bxc6 12. Bd4 e5 13. Bc5 Be6 14. Ne4 Re8
15. h4 Nf4 16. g3 Qxd2+ 17. Rxd2 Nh5 18. Rg1 Bh6 19. Ng5 Bd5 20. c4 Bxg5 21.
hxg5 Bxf3 22. Bh3 e4 23. Be3 Re5 24. Bd7 c5 25. Bc6 Rc8 26. Bb7 Rc7 27. Rd8+
Kg7 28. Bd5 h6 29. g4 hxg5 30. gxh5 Bxh5 31. Rxg5 Kf6 32. Rd6+ 1-0

[Event "2. Obert Internacional Illes Medes"]
[Site "L'Estartit ESP"]
[Date "2008.01.01"]
[Round "6.19"]
[White "Cuadras Avellana, Jordi"]
[Black "Terrieux, Kevin"]
[Result "1/2-1/2"]
[WhiteElo "2332"]
[BlackElo "2367"]
[PlyCount "52"]
[EventDate "2007.12.28"]
[EventType "swiss"]
[EventRounds "9"]
[EventCountry "ESP"]
[Source "lmi"]
[SourceDate "2007.12.28"]

1. e4 c5 2. Nf3 Nc6 3. d4 cxd4 4. Nxd4 Nf6 5. Nc3 e5 6. Ndb5 d6 7. Bg5 a6 8.
Na3 b5 9. Nd5 Be7 10. Bxf6 Bxf6 11. c3 Ne7 12. Nxe7 Bxe7 13. Nc2 Bb7 14. Bd3 d5
15. exd5 Qxd5 16. Ne3 Qc5 17. Qc2 g6 18. Be4 Bxe4 19. Qxe4 Rd8 20. O-O f5 21.
Qb7 Qc8 22. Qxc8 Rxc8 23. Rfd1 Kf7 24. Nd5 Rhd8 25. Kf1 Ke6 26. Nxe7 Kxe7
1/2-1/2

[Event "2. Obert Internacional Illes Medes"]
[Site "L'Estartit ESP"]
[Date "2008.01.01"]
[Round "6.21"]
[White "Muter, Donny"]
[Black "Zude, Erik Dr"]
[Result "0-1"]
[WhiteElo "2212"]
[BlackElo "2412"]
[PlyCount "38"]
[EventDate "2007.12.28"]
[EventType "swiss"]
[EventRounds "9"]
[EventCountry "ESP"]
[Source "lmi"]
[SourceDate "2007.12.28"]

1. d4 d5 2. Nf3 Nf6 3. c4 dxc4 4. e3 e6 5. Bxc4 c5 6. Nc3 a6 7. Bb3 b5 8. a4 b4
9. Nb1 Be7 10. Nbd2 Bb7 11. O-O O-O 12. Qe2 a5 13. Rd1 Qc7 14. Bc4 Nbd7 15. Nb3
Rac8 16. dxc5 Ng4 17. Nbd2 Nxc5 18. h3 Bxf3 19. Nxf3 Nxf2 0-1

[Event "2. Obert Internacional Illes Medes"]
[Site "L'Estartit ESP"]
[Date "2008.01.01"]
[Round "6.32"]
[White "Dijon, Frederic"]
[Black "Christensen, Thomas"]
[Result "0-1"]
[WhiteElo "2103"]
[BlackElo "2252"]
[PlyCount "46"]
[EventDate "2007.12.28"]
[EventType "swiss"]
[EventRounds "9"]
[EventCountry "ESP"]
[Source "lmi"]
[SourceDate "2007.12.28"]

1. e4 c5 2. Nf3 d6 3. d4 cxd4 4. Nxd4 Nf6 5. Nc3 a6 6. g3 e5 7. Nde2 Be7 8. Bg2
b5 9. O-O Bb7 10. a4 bxa4 11. Nxa4 Nbd7 12. f3 Qc7 13. b3 d5 14. f4 dxe4 15.
fxe5 Nxe5 16. Nec3 O-O 17. Qe2 Nf3+ 18. Kh1 Nd4 19. Qf2 Rad8 20. h3 Bb4 21. Bb2
Nh5 22. Nxe4 Bxe4 23. Bxd4 Nxg3+ 0-1

[Event "2. Obert Internacional Illes Medes"]
[Site "L'Estartit ESP"]
[Date "2008.01.02"]
[Round "7.1"]
[White "Moskalenko, Viktor"]
[Black "Narciso Dublan, Marc"]
[Result "1/2-1/2"]
[WhiteElo "2575"]
[BlackElo "2546"]
[PlyCount "57"]
[EventDate "2007.12.28"]
[EventType "swiss"]
[EventRounds "9"]
[EventCountry "ESP"]
[Source "lmi"]
[SourceDate "2007.12.28"]

1. d4 d5 2. c4 e6 3. Nc3 Be7 4. Nf3 Nf6 5. cxd5 exd5 6. Bg5 c6 7. Qc2 Nbd7 8.
e3 Nh5 9. Bxe7 Qxe7 10. g4 Nhf6 11. Rg1 Nb6 12. g5 Nh5 13. O-O-O g6 14. Bd3 Be6
15. Ne5 O-O-O 16. Na4 Nd7 17. Nxd7 Bxd7 18. Qc5 Qxc5+ 19. Nxc5 h6 20. h4 Ng7
21. Nxd7 Kxd7 22. Rh1 Ne6 23. f4 Ng7 24. Rdg1 hxg5 25. hxg5 Ke6 26. Be2 Ke7 27.
Bd3 Ke6 28. Be2 Ke7 29. Bd3 1/2-1/2

[Event "2. Obert Internacional Illes Medes"]
[Site "L'Estartit ESP"]
[Date "2008.01.02"]
[Round "7.9"]
[White "Gerber, Richard"]
[Black "Benitah, Yohan"]
[Result "1/2-1/2"]
[WhiteElo "2386"]
[BlackElo "2421"]
[PlyCount "22"]
[EventDate "2007.12.28"]
[EventType "swiss"]
[EventRounds "9"]
[EventCountry "ESP"]
[Source "lmi"]
[SourceDate "2007.12.28"]

1. d4 d5 2. c4 c6 3. Nc3 Nf6 4. cxd5 cxd5 5. Bf4 a6 6. e3 Nc6 7. Bd3 Bg4 8.
Nge2 e6 9. O-O Be7 10. h3 Bh5 11. Bh2 Bg6 1/2-1/2

[Event "2. Obert Internacional Illes Medes"]
[Site "L'Estartit ESP"]
[Date "2008.01.02"]
[Round "7.20"]
[White "Parals Marce, Luis"]
[Black "Fluvia Poyatos, Joan"]
[Result "0-1"]
[WhiteElo "2073"]
[BlackElo "2469"]
[PlyCount "50"]
[EventDate "2007.12.28"]
[EventType "swiss"]
[EventRounds "9"]
[EventCountry "ESP"]
[Source "lmi"]
[SourceDate "2007.12.28"]

1. Nf3 Nf6 2. c4 e6 3. Nc3 d5 4. d4 c6 5. Bg5 h6 6. Bh4 dxc4 7. a4 Bb4 8. Qc2
Nbd7 9. Nd2 e5 10. dxe5 Nxe5 11. Rd1 Qe7 12. e4 Be6 13. Be2 O-O-O 14. O-O Qc5
15. Nf3 Nxf3+ 16. Bxf3 g5 17. Bg3 Ng4 18. Na2 a5 19. Nxb4 axb4 20. h3 Ne5 21.
Be2 f6 22. Rxd8+ Rxd8 23. Rc1 Nd3 24. Bxd3 Rxd3 25. Qe2 Rxg3 0-1

[Event "2. Obert Internacional Illes Medes"]
[Site "L'Estartit ESP"]
[Date "2008.01.02"]
[Round "7.25"]
[White "Vuilleumier, Alexandre"]
[Black "Wong Castaneda, Arturo"]
[Result "1-0"]
[WhiteElo "2315"]
[BlackElo "2100"]
[PlyCount "89"]
[EventDate "2007.12.28"]
[EventType "swiss"]
[EventRounds "9"]
[EventCountry "ESP"]
[Source "lmi"]
[SourceDate "2007.12.28"]

1. d4 Nf6 2. Nf3 e6 3. g3 d5 4. Bg2 c6 5. O-O Be7 6. c4 O-O 7. Qc2 Re8 8. b3
Nbd7 9. Bb2 Bf8 10. Nbd2 b6 11. e4 Bb7 12. e5 Nh5 13. Rfe1 c5 14. Rad1 Rc8 15.
Qb1 g6 16. h4 a6 17. Ng5 h6 18. cxd5 hxg5 19. dxe6 Bxg2 20. exf7+ Kxf7 21. e6+
Rxe6 22. Rxe6 Ndf6 23. Rxf6+ Nxf6 24. Kxg2 Qd5+ 25. Kg1 gxh4 26. Nc4 hxg3 27.
Ne5+ Ke6 28. Qxg6 gxf2+ 29. Kxf2 cxd4 30. Re1 Bb4 31. Qf7+ Kf5 32. Qg6+ Ke6 33.
Re2 Rf8 34. Nc4+ Kd7 35. Nxb6+ Kc7 36. Nxd5+ Nxd5+ 37. Kg1 Ne3 38. Qg7+ Kc6 39.
Rf2 Rxf2 40. Kxf2 Nd1+ 41. Ke2 Bc3 42. Bxc3 Nxc3+ 43. Kd3 Nxa2 44. Qxd4 Nc1+
45. Kc2 1-0

[Event "2. Obert Internacional Illes Medes"]
[Site "L'Estartit ESP"]
[Date "2008.01.02"]
[Round "7.28"]
[White "Przezdziecka, Marta"]
[Black "Tallo Dominguez, Imar"]
[Result "1-0"]
[WhiteElo "2259"]
[BlackElo "2011"]
[PlyCount "53"]
[EventDate "2007.12.28"]
[EventType "swiss"]
[EventRounds "9"]
[EventCountry "ESP"]
[Source "lmi"]
[SourceDate "2007.12.28"]

1. d4 d5 2. Nf3 e6 3. c4 c5 4. cxd5 exd5 5. g3 Nc6 6. Nc3 c4 7. Bg2 Bb4 8. O-O
Nge7 9. Bf4 O-O 10. Rc1 a6 11. a3 Bxc3 12. bxc3 b5 13. Re1 Bf5 14. Nh4 Be6 15.
e4 dxe4 16. Bxe4 Bd5 17. Bc2 Ng6 18. Qh5 Nce7 19. Rxe7 Qxe7 20. Nxg6 hxg6 21.
Qxd5 Qxa3 22. Bxg6 Rae8 23. Bb1 Qxc1+ 24. Bxc1 Re1+ 25. Kg2 Rxc1 26. Qe4 g6 27.
h4 1-0

[Event "2. Obert Internacional Illes Medes"]
[Site "L'Estartit ESP"]
[Date "2008.01.02"]
[Round "7.29"]
[White "Christensen, Thomas"]
[Black "Schut, Lisa"]
[Result "0-1"]
[WhiteElo "2252"]
[BlackElo "1976"]
[PlyCount "56"]
[EventDate "2007.12.28"]
[EventType "swiss"]
[EventRounds "9"]
[EventCountry "ESP"]
[Source "lmi"]
[SourceDate "2007.12.28"]

1. d4 Nf6 2. Bg5 d5 3. e3 Ne4 4. Bf4 g6 5. c4 Bg7 6. f3 Nf6 7. Nc3 c5 8. dxc5
Qa5 9. Qd2 dxc4 10. Bxc4 Qxc5 11. Bb5+ Bd7 12. Bxd7+ Nbxd7 13. e4 O-O 14. Be3
Qa5 15. Nge2 Ne5 16. O-O Nc4 17. Qc1 Nxe3 18. Qxe3 Rfd8 19. Rad1 Nd7 20. Kh1 e6
21. f4 Nb6 22. Qh3 Nc4 23. b3 Nb2 24. Rxd8+ Rxd8 25. Rc1 Nd3 26. Rf1 Bxc3 27.
Rf3 Nf2+ 28. Rxf2 Rd1+ 0-1

[Event "2. Obert Internacional Illes Medes"]
[Site "L'Estartit ESP"]
[Date "2008.01.02"]
[Round "7.37"]
[White "Leks, Hanna"]
[Black "Yastrebova, Tatiana"]
[Result "1-0"]
[WhiteElo "2199"]
[BlackElo "2037"]
[PlyCount "27"]
[EventDate "2007.12.28"]
[EventType "swiss"]
[EventRounds "9"]
[EventCountry "ESP"]
[Source "lmi"]
[SourceDate "2007.12.28"]

1. e4 d6 2. d4 Nf6 3. Nc3 g6 4. Bg5 Bg7 5. e5 dxe5 6. dxe5 Nfd7 7. Nd5 c6 8.
Nxe7 Qa5+ 9. Qd2 Qxe5+ 10. Ne2 Qc7 11. Qe3 Kf8 12. Bf4 Qd8 13. Bd6 Nf6 14.
Nxc8+ 1-0

[Event "2. Obert Internacional Illes Medes"]
[Site "L'Estartit ESP"]
[Date "2008.01.02"]
[Round "7.41"]
[White "Suuronen, Petri"]
[Black "Dijon, Frederic"]
[Result "0-1"]
[WhiteElo "1951"]
[BlackElo "2103"]
[PlyCount "58"]
[EventDate "2007.12.28"]
[EventType "swiss"]
[EventRounds "9"]
[EventCountry "ESP"]
[Source "lmi"]
[SourceDate "2007.12.28"]

1. Nf3 f5 2. c4 Nf6 3. Nc3 g6 4. g3 Bg7 5. Bg2 O-O 6. O-O d6 7. d4 b6 8. d5 e5
9. dxe6 Bxe6 10. Qd3 Na6 11. e3 Ne4 12. Nd4 Nac5 13. Nxe6 Nxd3 14. Nxd8 Nxc3
15. Ne6 Ne2+ 16. Kh1 Rf6 17. Nxg7 Nexc1 18. Nh5 gxh5 19. Raxc1 Nxc1 20. Rxc1
Kf7 21. h4 a5 22. Kg1 Re6 23. Bh3 Kf6 24. Kg2 Re5 25. Kf3 Rc5 26. Bf1 d5 27. b3
dxc4 28. bxc4 b5 29. Rd1 bxc4 0-1

[Event "2. Obert Internacional Illes Medes"]
[Site "L'Estartit ESP"]
[Date "2008.01.02"]
[Round "7.42"]
[White "Schirmbeck, Stepanka"]
[Black "Tomini, Marco"]
[Result "1/2-1/2"]
[WhiteElo "2054"]
[BlackElo "2091"]
[PlyCount "37"]
[EventDate "2007.12.28"]
[EventType "swiss"]
[EventRounds "9"]
[EventCountry "ESP"]
[Source "lmi"]
[SourceDate "2007.12.28"]

1. Nf3 Nf6 2. c4 c5 3. e3 g6 4. b3 Bg7 5. Bb2 O-O 6. Be2 d6 7. d4 Ne4 8. Nbd2
Qa5 9. Qc2 Nxd2 10. Nxd2 Nc6 11. Bc3 Nb4 12. Qb2 cxd4 13. exd4 Qb6 14. c5 dxc5
15. dxc5 Qe6 16. O-O Bxc3 17. Qxc3 Qxe2 18. Qxb4 Rd8 19. Nf3 1/2-1/2

[Event "2. Obert Internacional Illes Medes"]
[Site "L'Estartit ESP"]
[Date "2008.01.03"]
[Round "8.1"]
[White "Lopez Martinez, Josep Manuel"]
[Black "Fluvia, Jordi"]
[Result "1-0"]
[WhiteElo "2563"]
[BlackElo "2508"]
[PlyCount "69"]
[EventDate "2007.12.28"]
[EventType "swiss"]
[EventRounds "9"]
[EventCountry "ESP"]
[Source "lmi"]
[SourceDate "2007.12.28"]

1. e4 e5 2. Nf3 Nc6 3. Bb5 a6 4. Ba4 Nf6 5. d3 b5 6. Bb3 Bc5 7. a4 Rb8 8. axb5
axb5 9. O-O d6 10. c3 O-O 11. Bg5 h6 12. Bh4 g5 13. Bg3 Bg4 14. Nbd2 Bb6 15.
Re1 h5 16. h4 Nh7 17. Qc2 Qf6 18. Kh1 Bxf3 19. Nxf3 g4 20. Nh2 Ne7 21. Qd2 Kg7
22. Rf1 Qh6 23. Qxh6+ Kxh6 24. f4 f6 25. f5 Ra8 26. Rfd1 Rxa1 27. Rxa1 Rd8 28.
Nf1 d5 29. Be1 dxe4 30. dxe4 Nc6 31. Rd1 Ra8 32. Rd7 Ra1 33. Bg8 Ng5 34. hxg5+
Kxg5 35. g3 1-0

[Event "2. Obert Internacional Illes Medes"]
[Site "L'Estartit ESP"]
[Date "2008.01.03"]
[Round "8.14"]
[White "Hartikainen, Markku"]
[Black "Rombaldoni, Denis"]
[Result "0-1"]
[WhiteElo "2310"]
[BlackElo "2402"]
[PlyCount "38"]
[EventDate "2007.12.28"]
[EventType "swiss"]
[EventRounds "9"]
[EventCountry "ESP"]
[Source "lmi"]
[SourceDate "2007.12.28"]

1. e4 c5 2. Nf3 e6 3. d4 cxd4 4. Nxd4 a6 5. Nc3 Qc7 6. Bd3 Nc6 7. Nxc6 bxc6 8.
O-O d5 9. Qf3 Bd6 10. h3 Ne7 11. Bd2 O-O 12. Qh5 f5 13. exf5 Nxf5 14. f4 Bd7
15. Ne2 g6 16. Qf3 e5 17. fxe5 Bxe5 18. Bf4 Nd4 19. Nxd4 Rxf4 0-1

[Event "2. Obert Internacional Illes Medes"]
[Site "L'Estartit ESP"]
[Date "2008.01.03"]
[Round "8.15"]
[White "Kadziolka, Beata"]
[Black "Rasmussen, Karsten"]
[Result "0-1"]
[WhiteElo "2295"]
[BlackElo "2495"]
[PlyCount "40"]
[EventDate "2007.12.28"]
[EventType "swiss"]
[EventRounds "9"]
[EventCountry "ESP"]
[Source "lmi"]
[SourceDate "2007.12.28"]

1. Nf3 d5 2. c4 e6 3. e3 Nf6 4. b3 c5 5. Bb2 Nc6 6. Be2 d4 7. exd4 cxd4 8. d3
Bc5 9. O-O O-O 10. Na3 e5 11. Nc2 Re8 12. a3 a5 13. h3 h6 14. Rb1 Qd6 15. Re1
Bf5 16. Bc1 Rad8 17. Nd2 e4 18. Nxe4 Bxe4 19. dxe4 d3 20. Ne3 d2 0-1

[Event "2. Obert Internacional Illes Medes"]
[Site "L'Estartit ESP"]
[Date "2008.01.03"]
[Round "8.19"]
[White "Schut, Lisa"]
[Black "Vehi Bach, Victor M"]
[Result "1-0"]
[WhiteElo "1976"]
[BlackElo "2369"]
[PlyCount "72"]
[EventDate "2007.12.28"]
[EventType "swiss"]
[EventRounds "9"]
[EventCountry "ESP"]
[Source "lmi"]
[SourceDate "2007.12.28"]

1. e4 c5 2. Nf3 e6 3. d4 cxd4 4. Nxd4 Nc6 5. Nc3 Qc7 6. Be3 a6 7. Nxc6 Qxc6 8.
Bd3 b5 9. O-O Bb7 10. Kh1 Nf6 11. f3 Qc7 12. Qe2 Be7 13. Bd4 e5 14. Be3 d6 15.
Bd2 O-O 16. a4 b4 17. Na2 a5 18. c3 bxc3 19. Nxc3 h6 20. Rac1 Qb8 21. Nb5 Rc8
22. Qf2 d5 23. Rxc8+ Qxc8 24. exd5 Nxd5 25. Qg3 Qe6 26. Bc4 Rc8 27. b3 Bb4 28.
Bxb4 axb4 29. Re1 f6 30. Qg6 Kf8 31. Nd4 Qf7 32. Qxf7+ Kxf7 33. Nf5 Rd8 34. Rd1
Rd7 35. Ne3 Ke6 36. Kg1 f5 1-0

[Event "2. Obert Internacional Illes Medes"]
[Site "L'Estartit ESP"]
[Date "2008.01.03"]
[Round "8.21"]
[White "Guso Llorca, Jordi"]
[Black "Bruned, Yvain"]
[Result "1/2-1/2"]
[WhiteElo "2105"]
[BlackElo "2355"]
[PlyCount "46"]
[EventDate "2007.12.28"]
[EventType "swiss"]
[EventRounds "9"]
[EventCountry "ESP"]
[Source "lmi"]
[SourceDate "2007.12.28"]

1. d4 Nf6 2. c4 e6 3. Nf3 b6 4. g3 Ba6 5. b3 Bb4+ 6. Bd2 Be7 7. Bg2 c6 8. Bc3
d5 9. Ne5 Nfd7 10. Nxd7 Nxd7 11. Nd2 f5 12. O-O O-O 13. a4 Rc8 14. Re1 Bf6 15.
e3 Qe7 16. a5 b5 17. c5 Rce8 18. b4 g5 19. f4 Bc8 20. Kf2 Qg7 21. Nf3 g4 22.
Ne5 Bxe5 23. dxe5 h5 1/2-1/2

[Event "2. Obert Internacional Illes Medes"]
[Site "L'Estartit ESP"]
[Date "2008.01.03"]
[Round "8.25"]
[White "Vogel, Joerg"]
[Black "Glienke, Manfred Dr"]
[Result "1/2-1/2"]
[WhiteElo "2062"]
[BlackElo "2309"]
[PlyCount "70"]
[EventDate "2007.12.28"]
[EventType "swiss"]
[EventRounds "9"]
[EventCountry "ESP"]
[Source "lmi"]
[SourceDate "2007.12.28"]

1. d4 d5 2. c4 e6 3. Nc3 Nf6 4. Bg5 Be7 5. Nf3 O-O 6. e3 Nbd7 7. Qc2 c6 8. Bd3
dxc4 9. Bxc4 Nd5 10. Bxe7 Qxe7 11. O-O Nxc3 12. Qxc3 c5 13. dxc5 Nxc5 14. Rac1
b6 15. b4 Ne4 16. Qb2 Bb7 17. Rfd1 Rad8 18. b5 h6 19. h3 Rxd1+ 20. Rxd1 Rd8 21.
Rxd8+ Qxd8 22. Be2 Qc7 23. Nd2 Qc3 24. Qxc3 Nxc3 25. Bc4 Kf8 26. a3 Ke7 27. f3
Kd6 28. Kf2 f5 29. Bb3 Bd5 30. Bc2 Ba2 31. g4 g5 32. gxf5 exf5 33. Bxf5 Nxb5
34. a4 Nc3 35. Bc2 Be6 1/2-1/2

[Event "2. Obert Internacional Illes Medes"]
[Site "L'Estartit ESP"]
[Date "2008.01.03"]
[Round "8.28"]
[White "Daurelle, Herve"]
[Black "Slings, Stefan"]
[Result "1-0"]
[WhiteElo "2263"]
[BlackElo "2076"]
[PlyCount "59"]
[EventDate "2007.12.28"]
[EventType "swiss"]
[EventRounds "9"]
[EventCountry "ESP"]
[Source "lmi"]
[SourceDate "2007.12.28"]

1. e4 c5 2. Nf3 e6 3. d4 cxd4 4. Nxd4 a6 5. Bd3 Qb6 6. Nb3 Qc7 7. O-O Nf6 8.
Qe2 d6 9. c4 Be7 10. Nc3 Nbd7 11. Be3 b6 12. f3 O-O 13. Rfd1 Rb8 14. Rdc1 Bb7
15. Qf2 Rfc8 16. Bf1 Ba8 17. Nd4 Ne5 18. b3 Nc6 19. Nd5 Qb7 20. Nxc6 Rxc6 21.
Nb4 Rcc8 22. c5 b5 23. c6 Qc7 24. Nxa6 Qa5 25. Nxb8 Rxb8 26. c7 Rc8 27. Bb6 Qb4
28. Qe2 Qa3 29. Qxb5 Bb7 30. Ba5 1-0

[Event "2. Obert Internacional Illes Medes"]
[Site "L'Estartit ESP"]
[Date "2008.01.03"]
[Round "8.32"]
[White "Muter, Donny"]
[Black "Dijon, Frederic"]
[Result "1-0"]
[WhiteElo "2212"]
[BlackElo "2103"]
[PlyCount "49"]
[EventDate "2007.12.28"]
[EventType "swiss"]
[EventRounds "9"]
[EventCountry "ESP"]
[Source "lmi"]
[SourceDate "2007.12.28"]

1. d4 Nc6 2. e4 d5 3. e5 Bf5 4. Bb5 Qd7 5. Ne2 h5 6. O-O O-O-O 7. Nd2 g5 8. Nb3
Qe6 9. Bxg5 Qg6 10. Be3 Nh6 11. Nf4 Qg7 12. Bxc6 bxc6 13. Qe2 e6 14. Qa6+ Kd7
15. Na5 Rg8 16. Qxc6+ Kc8 17. Qb7+ Kd7 18. Qb5+ Kc8 19. Nc6 Kd7 20. Nxa7+ Ke7
21. Nc6+ Kd7 22. g3 Bg4 23. Bd2 f5 24. Nxd8+ Kxd8 25. Nxe6+ 1-0